000 00578nam a2200181 i 4500
001 74675
003 ES-MaACL
005 20230906172218.0
007 t|
008 040920s1952 sp ||||1| spa d
080 _a66.00.23/24
100 1 _aGonzález del Tánago y Alegría, José.
_958587
245 1 4 _aLos materiales de construcción en la Ingeniería química /
_cJosé González del Tánago.
260 _aMadrid :
_bDossat,
_c1952 (
_fNuevas Gráficas)
300 _aXIII, 237 p. :
_bil. ;
_c25 cm.
852 _aES-MaACL
_jC-6375
_bR.35709
852 _aES-MaACL
_jE-3977
999 _c74675
_d74675